[Event "Stay Safe Play From Home 381"]
[Site "Emanuel Lasker Arena"]
[Date "2020.08.13"]
[Round "1"]
[White "SelamiSahin"]
[Black "Haris kollari 13"]
[Result "1-0"]
[WhiteElo "2197"]
[BlackElo "1869"]
[Annotator "NA"]
[PlyCount "103"]
[EventDate "2020.08.13"]
[EventType "swiss (blitz)"]

{Yarar, Atakan} 1. d4 {[%emt 0:00:03]} d5 {[%emt 0:00:01]} 2. c4 {[%emt 0:00:01]} e5 {[%emt 0:00:01]} 3. Nc3 {[%emt 0:00:00]} dxc4 {[%emt 0:00:05]} 4. d5 {[%emt 0:00:01]} f6 {[%emt 0:00:02]} 5. e3 {[%emt 0:00:02]} Bd6 {[%emt 0:00:05]} 6. Bxc4 {[%emt 0:00:01]} a6 {[%emt 0:00:01]} 7. a4 {[%emt 0:00:02]} Ne7 {[%emt 0:00:03]} 8. Nf3 {[%emt 0:00:05]} Nd7 {[%emt 0:00:01]} 9. O-O {[%emt 0:00:03]} Nb6 {[%emt 0:00:01]} 10. Bb3 {[%emt 0:00:01]} O-O {[%emt 0:00:02]} 11. a5 {[%emt 0:00:01]} Nd7 {[%emt 0:00:01]} 12. h3 {[%emt 0:00:01]} Nc5 {[%emt 0:00:05]} 13. Bc4 {[%emt 0:00:00]} Bf5 {[%emt 0:00:02]} 14. Re1 {[%emt 0:00:01]} Bg6 {[%emt 0:00:02]} 15. Nh4 {[%emt 0:00:04]} Bf7 {[%emt 0:00:02]} 16. e4 {[%emt 0:00:03]} Qd7 {[%emt 0:00:08]} 17. g4 {[%emt 0:00:01]} Rae8 {[%emt 0:00:08]} 18. b4 {[%emt 0:00:18]} Nxe4 {[%emt 0:00:11]} 19. Nxe4 {[%emt 0:00:12]} h5 {[%emt 0:00:01]} 20. Nxd6 {[%emt 0:00:07]} cxd6 {[%emt 0:00:09]} 21. Be3 {[%emt 0:00:19]} hxg4 {[%emt 0:00:05]} 22. Qxg4 {[%emt 0:00:05]} Qc7 {[%emt 0:00:05]} 23. Rac1 {[%emt 0:00:05]} Rc8 {[%emt 0:00:02]} 24. Bxa6 {[%emt 0:00:07]} Qb8 {[%emt 0:00:17]} 25. Bd3 {[%emt 0:00:08]} Bxd5 {[%emt 0:00:05]} 26. Qh5 {[%emt 0:00:04]} e4 {[%emt 0:00:04]} 27. Be2 {[%emt 0:00:10]} Bf7 {[%emt 0:00:07]} 28. Qg4 {[%emt 0:00:03]} g6 {[%emt 0:00:05]} 29. Qd7 {[%emt 0:00:11]} Rxc1 {[%emt 0:00:07]} 30. Rxc1 {[%emt 0:00:00]} Nd5 {[%emt 0:00:01]} 31. Bc4 {[%emt 0:00:09]} Nxe3 {[%emt 0:00:13]} 32. fxe3 {[%emt 0:00:00]} Bxc4 {[%emt 0:00:04]} 33. Rxc4 {[%emt 0:00:01]} Rf7 {[%emt 0:00:01]} 34. Rc8+ {[%emt 0:00:02]} Kg7 {[%emt 0:00:12]} 35. Qxf7+ {[%emt 0:00:01]} Kxf7 {[%emt 0:00:01]} 36. Rxb8 {[%emt 0:00:00]} f5 {[%emt 0:00:01]} 37. Rxb7+ {[%emt 0:00:01]} Kf6 {[%emt 0:00:01]} 38. a6 {[%emt 0:00:00]} g5 {[%emt 0:00:01]} 39. a7 {[%emt 0:00:01]} gxh4 {[%emt 0:00:01]} 40. a8=Q {[%emt 0:00:00]} d5 {[%emt 0:00:00]} 41. Qh8+ {[%emt 0:00:02]} Kg5 {[%emt 0:00:01]} 42. Rg7+ {[%emt 0:00:01]} Kf6 {[%emt 0:00:01]} 43. Qf8+ {[%emt 0:00:04]} Ke6 {[%emt 0:00:01]} 44. Re7+ {[%emt 0:00:01]} Kd6 {[%emt 0:00:01]} 45. Qd8+ {[%emt 0:00:01]} Kc6 {[%emt 0:00:00]} 46. Qc7+ {[%emt 0:00:06]} Kb5 {[%emt 0:00:01]} 47. Qc5+ {[%emt 0:00:01]} Ka4 {[%emt 0:00:01]} 48. b5 {[%emt 0:00:04]} f4 {[%emt 0:00:02]} 49. Ra7+ {[%emt 0:00:03]} Kb3 {[%emt 0:00:01]} 50. Ra3+ {[%emt 0:00:00]} Kb2 {[%emt 0:00:02]} 51. Qc3+ {[%emt 0:00:00]} Kb1 {[%emt 0:00:01]} 52. Ra1# {[%emt 0:00:00] (Lag: Av=0.55s, max=0.8s) (Lag: Av=0.55s, max=0.8s) (Lag: Av=0.55s, max=0.8s)} 1-0

[Event "Stay Safe Play From Home 381"]
[Site "Emanuel Lasker Arena"]
[Date "2020.08.13"]
[Round "1"]
[White "Hickey"]
[Black "Padmaesh M K"]
[Result "1-0"]
[WhiteElo "2087"]
[BlackElo "1854"]
[PlyCount "81"]
[EventDate "2020.08.13"]
[EventType "swiss (blitz)"]

1. c4 {[%emt 0:00:02]} e5 {[%emt 0:00:03]} 2. g3 {[%emt 0:00:01]} c5 {[%emt 0:00:02]} 3. Nc3 {[%emt 0:00:02]} d6 {[%emt 0:00:02]} 4. Bg2 {[%emt 0:00:01]} Nc6 {[%emt 0:00:01]} 5. e3 {[%emt 0:00:01]} f5 {[%emt 0:00:02]} 6. Nge2 {[%emt 0:00:01]} Nf6 {[%emt 0:00:01]} 7. O-O {[%emt 0:00:01]} Be7 {[%emt 0:00:01]} 8. a3 {[%emt 0:00:09]} O-O {[%emt 0:00:02]} 9. Rb1 {[%emt 0:00:05]} a5 {[%emt 0:00:01]} 10. d4 {[%emt 0:00:03]} e4 {[%emt 0:00:05]} 11. f3 {[%emt 0:00:13]} exf3 {[%emt 0:00:18]} 12. Bxf3 {[%emt 0:00:03]} Ng4 {[%emt 0:00:02]} 13. h3 {[%emt 0:00:10]} Nh6 {[%emt 0:00:02]} 14. Nf4 {[%emt 0:00:07]} cxd4 {[%emt 0:00:11]} 15. exd4 {[%emt 0:00:02]} Qb6 {[%emt 0:00:03]} 16. Be3 {[%emt 0:00:06]} Bg5 {[%emt 0:00:06]} 17. Ncd5 {[%emt 0:00:09]} Qa7 {[%emt 0:00:07]} 18. Qd2 {[%emt 0:00:11]} Bd7 {[%emt 0:00:04]} 19. Nc7 {[%emt 0:00:04]} Rac8 {[%emt 0:00:03]} 20. Nb5 {[%emt 0:00:10]} Qb8 {[%emt 0:00:07]} 21. h4 {[%emt 0:00:07]} Bf6 {[%emt 0:00:03]} 22. Nd5 {[%emt 0:00:01]} Be6 {[%emt 0:00:08]} 23. b3 {[%emt 0:00:11]} Ng4 {[%emt 0:00:04]} 24. Bf4 {[%emt 0:00:11]} Rcd8 {[%emt 0:00:07]} 25. Rbe1 {[%emt 0:00:06]} Kf7 {[%emt 0:00:18]} 26. a4 {[%emt 0:00:01]} Na7 {[%emt 0:00:15]} 27. Nxf6 {[%emt 0:00:02]} Nxf6 {[%emt 0:00:05]} 28. Nxd6+ {[%emt 0:00:03]} Rxd6 {[%emt 0:00:02]} 29. c5 {[%emt 0:00:00]} Nd5 {[%emt 0:00:07]} 30. Bxd6 {[%emt 0:00:02]} Qc8 {[%emt 0:00:03]} 31. Rxe6 {[%emt 0:00:02]} Qxe6 {[%emt 0:00:02]} 32. Re1 {[%emt 0:00:01]} Qf6 {[%emt 0:00:09]} 33. Bxd5+ {[%emt 0:00:01]} Kg6 {[%emt 0:00:01]} 34. Be5 {[%emt 0:00:03]} Qd8 {[%emt 0:00:03]} 35. Bc4 {[%emt 0:00:03]} Nc6 {[%emt 0:00:01]} 36. Qf4 {[%emt 0:00:01]} Re8 {[%emt 0:00:02]} 37. Bd3 {[%emt 0:00:04]} Qd7 {[%emt 0:00:02]} 38. Bc4 {[%emt 0:00:04]} Qd8 {[%emt 0:00:02]} 39. g4 {[%emt 0:00:02]} Nxe5 {[%emt 0:00:01]} 40. Qxf5+ {[%emt 0:00:02]} Kh6 {[%emt 0:00:00]} 41. Qh5# {[%emt 0:00:00] (Lag: Av=1.10s, max=2.0s) (Lag: Av=1.10s, max=2.0s) (Lag: Av=1.10s, max=2.0s)} 1-0

[Event "Stay Safe Play From Home 381"]
[Site "Emanuel Lasker Arena"]
[Date "2020.08.13"]
[Round "1"]
[White "Ionelluca"]
[Black "Timbre"]
[Result "1-0"]
[WhiteElo "1923"]
[BlackElo "1625"]
[PlyCount "81"]
[EventDate "2020.08.13"]
[EventType "swiss (blitz)"]

1. e4 {[%emt 0:00:02]} c6 {[%emt 0:00:09]} 2. d4 {[%emt 0:00:03]} d5 {[%emt 0:00:02]} 3. c4 {[%emt 0:00:00]} dxe4 {[%emt 0:00:02]} 4. Nc3 {[%emt 0:00:00]} Nf6 {[%emt 0:00:01]} 5. Bg5 {[%emt 0:00:01]} Bf5 {[%emt 0:00:03]} 6. Nge2 {[%emt 0:00:01]} e6 {[%emt 0:00:01]} 7. a3 {[%emt 0:00:02]} Be7 {[%emt 0:00:02]} 8. Ng3 {[%emt 0:00:02]} Nbd7 {[%emt 0:00:02]} 9. Be2 {[%emt 0:00:02]} Bg6 {[%emt 0:00:08]} 10. O-O {[%emt 0:00:03]} h6 {[%emt 0:00:04]} 11. Be3 {[%emt 0:00:01]} O-O {[%emt 0:00:03]} 12. Qc2 {[%emt 0:00:01]} Bd6 {[%emt 0:00:07]} 13. Rfd1 {[%emt 0:00:05]} Bxg3 {[%emt 0:00:02]} 14. hxg3 {[%emt 0:00:03]} a6 {[%emt 0:00:07]} 15. b4 {[%emt 0:00:01]} Rc8 {[%emt 0:00:05]} 16. Qb3 {[%emt 0:00:02]} Nb8 {[%emt 0:00:12]} 17. Rac1 {[%emt 0:00:03]} Bh5 {[%emt 0:00:05]} 18. Bf4 {[%emt 0:00:10]} Bxe2 {[%emt 0:00:03]} 19. Nxe2 {[%emt 0:00:01]} Nbd7 {[%emt 0:00:09]} 20. Qe3 {[%emt 0:00:05]} Re8 {[%emt 0:00:01]} 21. Bd6 {[%emt 0:00:04]} Nf8 {[%emt 0:00:02]} 22. Be5 {[%emt 0:00:01]} Ng6 {[%emt 0:00:03]} 23. Bxf6 {[%emt 0:00:01]} Qxf6 {[%emt 0:00:02]} 24. Qxe4 {[%emt 0:00:01]} b5 {[%emt 0:00:04]} 25. Nf4 {[%emt 0:00:03]} Nxf4 {[%emt 0:00:03]} 26. gxf4 {[%emt 0:00:01]} bxc4 {[%emt 0:00:03]} 27. Rxc4 {[%emt 0:00:02]} Qh4 {[%emt 0:00:07]} 28. g3 {[%emt 0:00:02]} Qh5 {[%emt 0:00:05]} 29. Rdc1 {[%emt 0:00:01]} Rcd8 {[%emt 0:00:04]} 30. Rxc6 {[%emt 0:00:05]} g6 {[%emt 0:00:08]} 31. Kg2 {[%emt 0:00:04]} Rd5 {[%emt 0:00:02]} 32. Rh1 {[%emt 0:00:03]} Qg4 {[%emt 0:00:04]} 33. Rxh6 {[%emt 0:00:08]} Red8 {[%emt 0:00:06]} 34. Rc4 {[%emt 0:00:07]} Qd1 {[%emt 0:00:06]} 35. Rxg6+ {[%emt 0:00:11]} Kf8 {[%emt 0:00:07]} 36. Rh6 {[%emt 0:00:06]} Rxd4 {[%emt 0:00:06]} 37. Rxd4 {[%emt 0:00:03]} Rxd4 {[%emt 0:00:03]} 38. Qa8+ {[%emt 0:00:03]} Ke7 {[%emt 0:00:08]} 39. Qa7+ {[%emt 0:00:01]} Rd7 {[%emt 0:00:02]} 40. Qc5+ {[%emt 0:00:02]} Rd6 {[%emt 0:00:03]} 41. Rh5 {[%emt 0:00:09] Time Time Time ' ' ' (Lag: Av=0.65s, max=4.0s) (Lag: Av=0.65s, max=4.0s) (Lag: Av=0.65s, max=4.0s)} 1-0

[Event "Stay Safe Play From Home 381"]
[Site "Emanuel Lasker Arena"]
[Date "2020.08.13"]
[Round "1"]
[White "Greblah"]
[Black "Chesstiger9"]
[Result "0-1"]
[WhiteElo "1842"]
[BlackElo "1967"]
[PlyCount "106"]
[EventDate "2020.08.13"]
[EventType "swiss (blitz)"]

{- Volkov, Yuri} 1. e4 {[%emt 0:00:01]} c5 {[%emt 0:00:01]} 2. Nc3 {[%emt 0:00:02]} Nc6 {[%emt 0:00:01]} 3. g3 {[%emt 0:00:00]} g6 {[%emt 0:00:01]} 4. Bg2 {[%emt 0:00:00]} Bg7 {[%emt 0:00:01]} 5. d3 {[%emt 0:00:00]} d6 {[%emt 0:00:01]} 6. Be3 {[%emt 0:00:00]} e5 {[%emt 0:00:01]} 7. Qd2 {[%emt 0:00:00]} h6 {[%emt 0:00:01]} 8. Nd5 {[%emt 0:00:01]} Nge7 {[%emt 0:00:01]} 9. Nxe7 {[%emt 0:00:02]} Qxe7 {[%emt 0:00:05]} 10. Ne2 {[%emt 0:00:01]} f5 {[%emt 0:00:02]} 11. c4 {[%emt 0:00:04]} Nd4 {[%emt 0:00:03]} 12. Bxd4 {[%emt 0:00:03]} cxd4 {[%emt 0:00:04]} 13. f4 {[%emt 0:00:03]} O-O {[%emt 0:00:01]} 14. O-O {[%emt 0:00:01]} Be6 {[%emt 0:00:07]} 15. fxe5 {[%emt 0:00:01]} dxe5 {[%emt 0:00:01]} 16. b4 {[%emt 0:00:09]} Rad8 {[%emt 0:00:07]} 17. c5 {[%emt 0:00:03]} g5 {[%emt 0:00:06]} 18. exf5 {[%emt 0:00:09]} Bxf5 {[%emt 0:00:00]} 19. Rae1 {[%emt 0:00:07]} Qd7 {[%emt 0:00:10]} 20. Nc1 {[%emt 0:00:22]} Kh8 {[%emt 0:00:03]} 21. Nb3 {[%emt 0:00:06]} Be6 {[%emt 0:00:13]} 22. Na5 {[%emt 0:00:02]} Bd5 {[%emt 0:00:02]} 23. Bxd5 {[%emt 0:00:06]} Qxd5 {[%emt 0:00:01]} 24. Re4 {[%emt 0:00:02]} Rxf1+ {[%emt 0:00:02]} 25. Kxf1 {[%emt 0:00:01]} Rf8+ {[%emt 0:00:01]} 26. Kg1 {[%emt 0:00:01]} Qf7 {[%emt 0:00:03]} 27. Qe2 {[%emt 0:00:04]} h5 {[%emt 0:00:06]} 28. Nc4 {[%emt 0:00:01]} g4 {[%emt 0:00:32]} 29. Nxe5 {[%emt 0:00:05]} Qf5 {[%emt 0:00:06]} 30. Nc4 {[%emt 0:00:06]} Bh6 {[%emt 0:00:03]} 31. Re8 {[%emt 0:00:12]} Be3+ {[%emt 0:00:04]} 32. Nxe3 {[%emt 0:00:13]} Rxe8 {[%emt 0:00:01]} 33. Nxf5 {[%emt 0:00:03]} Rxe2 {[%emt 0:00:01]} 34. Nxd4 {[%emt 0:00:01]} Rxa2 {[%emt 0:00:01]} 35. c6 {[%emt 0:00:03]} bxc6 {[%emt 0:00:02]} 36. Nxc6 {[%emt 0:00:01]} a6 {[%emt 0:00:03]} 37. d4 {[%emt 0:00:11]} Kg7 {[%emt 0:00:02]} 38. d5 {[%emt 0:00:03]} Rd2 {[%emt 0:00:01]} 39. Nb8 {[%emt 0:00:02]} Rxd5 {[%emt 0:00:03]} 40. Nxa6 {[%emt 0:00:01]} Rd2 {[%emt 0:00:01]} 41. Nc5 {[%emt 0:00:02]} Rb2 {[%emt 0:00:03]} 42. Nd3 {[%emt 0:00:02]} Rb3 {[%emt 0:00:02]} 43. Nf4 {[%emt 0:00:04]} Kh6 {[%emt 0:00:02]} 44. Nd5 {[%emt 0:00:01]} Kg5 {[%emt 0:00:02]} 45. Kf2 {[%emt 0:00:02]} Kf5 {[%emt 0:00:04]} 46. Ne3+ {[%emt 0:00:03]} Ke4 {[%emt 0:00:02]} 47. Nf1 {[%emt 0:00:04]} Rxb4 {[%emt 0:00:02]} 48. Nd2+ {[%emt 0:00:01]} Kd3 {[%emt 0:00:00]} 49. Nf1 {[%emt 0:00:01]} Rb2+ {[%emt 0:00:01]} 50. Kg1 {[%emt 0:00:01]} Ke2 {[%emt 0:00:01]} 51. Kg2 {[%emt 0:00:02]} Rb1 {[%emt 0:00:02]} 52. Ne3 {[%emt 0:00:02]} Kxe3 {[%emt 0:00:01]} 53. h3 {[%emt 0:00:00]} Rb2+ {[%emt 0:00:01] Zeit Zeit Zeit (Lag: Av=0.49s, max=0.7s) (Lag: Av=0.49s, max=0.7s) (Lag: Av=0.49s, max=0.7s)} 0-1

[Event "Stay Safe Play From Home 381"]
[Site "Emanuel Lasker Arena"]
[Date "2020.08.13"]
[Round "1"]
[White "Kongle"]
[Black "Fischer_11"]
[Result "0-1"]
[WhiteElo "1778"]
[BlackElo "1892"]
[Annotator "NA"]
[PlyCount "24"]
[EventDate "2020.08.13"]
[EventType "swiss (blitz)"]

1. d4 {[%emt 0:00:08]} e5 {[%emt 0:00:05]} 2. dxe5 {[%emt 0:00:02]} Nc6 {[%emt 0:00:01]} 3. f4 {[%emt 0:00:01]} Bc5 {[%emt 0:00:02]} 4. g3 {[%emt 0:00:02]} Nh6 {[%emt 0:00:09]} 5. Bg2 {[%emt 0:00:02]} Ng4 {[%emt 0:00:02]} 6. Qd5 {[%emt 0:00:17]} Bf2+ {[%emt 0:00:11]} 7. Kf1 {[%emt 0:00:06]} Bb6 {[%emt 0:00:00]} 8. Nh3 {[%emt 0:00:19]} d6 {[%emt 0:00:21]} 9. c3 {[%emt 0:00:16]} O-O {[%emt 0:00:04]} 10. Na3 {[%emt 0:00:14]} dxe5 {[%emt 0:00:02]} 11. Qxd8 {[%emt 0:00:03]} Rxd8 {[%emt 0:00:00]} 12. fxe5 {[%emt 0:00:01]} Rd1# {[%emt 0:00:02] (Lag: Av=0.73s, max=1.3s) (Lag: Av=0.73s, max=1.3s) (Lag: Av=0.73s, max=1.3s)} 0-1

[Event "Stay Safe Play From Home 381"]
[Site "Emanuel Lasker Arena"]
[Date "2020.08.13"]
[Round "2"]
[White "Lolzz"]
[Black "Mepe_Nika"]
[Result "0-1"]
[WhiteElo "2102"]
[BlackElo "2363"]
[PlyCount "44"]
[EventDate "2020.08.13"]
[EventType "swiss (blitz)"]

1. d4 {[%emt 0:00:30]} d5 {[%emt 0:00:02]} 2. c4 {[%emt 0:00:01]} c6 {[%emt 0:00:01]} 3. cxd5 {[%emt 0:00:06]} cxd5 {[%emt 0:00:00]} 4. Bf4 {[%emt 0:00:03]} Nc6 {[%emt 0:00:02]} 5. e3 {[%emt 0:00:04]} Nf6 {[%emt 0:00:01]} 6. Bb5 {[%emt 0:00:18]} Qb6 {[%emt 0:00:06]} 7. Nc3 {[%emt 0:00:04]} Bg4 {[%emt 0:00:22]} 8. Qb3 {[%emt 0:00:06]} e6 {[%emt 0:00:02]} 9. Nge2 {[%emt 0:00:05]} Be7 {[%emt 0:00:03]} 10. O-O {[%emt 0:00:12]} O-O {[%emt 0:00:01]} 11. Na4 {[%emt 0:00:05]} Qa5 {[%emt 0:00:05]} 12. Rfc1 {[%emt 0:00:05]} Rfc8 {[%emt 0:00:07]} 13. Ng3 {[%emt 0:00:06]} Nh5 {[%emt 0:00:14]} 14. Nxh5 {[%emt 0:00:05]} Bxh5 {[%emt 0:00:00]} 15. Bxc6 {[%emt 0:00:05]} bxc6 {[%emt 0:00:02]} 16. Qb7 {[%emt 0:00:02]} Qb4 {[%emt 0:00:05]} 17. Qxb4 {[%emt 0:00:03]} Bxb4 {[%emt 0:00:00]} 18. f3 {[%emt 0:00:06]} f6 {[%emt 0:00:04]} 19. Kf2 {[%emt 0:00:04]} g5 {[%emt 0:00:02]} 20. Bg3 {[%emt 0:00:07]} Bg6 {[%emt 0:00:00]} 21. h4 {[%emt 0:00:04]} h6 {[%emt 0:00:01]} 22. a3 {[%emt 0:00:07]} Be7 {[%emt 0:00:02] Lolzz resigns Lolzz resigns Lolzz resigns} 0-1

[Event "Stay Safe Play From Home 381"]
[Site "Emanuel Lasker Arena"]
[Date "2020.08.13"]
[Round "2"]
[White "Chesstiger9"]
[Black "Ionelluca"]
[Result "1-0"]
[WhiteElo "1978"]
[BlackElo "1928"]
[PlyCount "113"]
[EventDate "2020.08.13"]
[EventType "swiss (blitz)"]

{Volkov, Yuri} 1. d4 {[%emt 0:00:02]} Nf6 {[%emt 0:00:01]} 2. Nf3 {[%emt 0:00:01]} b6 {[%emt 0:00:01]} 3. e3 {[%emt 0:00:01]} Bb7 {[%emt 0:00:01]} 4. Bd3 {[%emt 0:00:01]} d5 {[%emt 0:00:02]} 5. Nbd2 {[%emt 0:00:01]} Nbd7 {[%emt 0:00:03]} 6. Qe2 {[%emt 0:00:01]} Ne4 {[%emt 0:00:02]} 7. O-O {[%emt 0:00:04]} Ndf6 {[%emt 0:00:02]} 8. c4 {[%emt 0:00:01]} e6 {[%emt 0:00:02]} 9. Ne5 {[%emt 0:00:01]} Nxd2 {[%emt 0:00:03]} 10. Bxd2 {[%emt 0:00:02]} Bd6 {[%emt 0:00:09]} 11. f4 {[%emt 0:00:02]} O-O {[%emt 0:00:09]} 12. g4 {[%emt 0:00:11]} c5 {[%emt 0:00:01]} 13. g5 {[%emt 0:00:02]} Ne4 {[%emt 0:00:08]} 14. Bxe4 {[%emt 0:00:01]} dxe4 {[%emt 0:00:01]} 15. Bc3 {[%emt 0:00:01]} Bxe5 {[%emt 0:00:05]} 16. dxe5 {[%emt 0:00:02]} Qd3 {[%emt 0:00:02]} 17. Qxd3 {[%emt 0:00:02]} exd3 {[%emt 0:00:01]} 18. Rad1 {[%emt 0:00:01]} Rad8 {[%emt 0:00:04]} 19. Rd2 {[%emt 0:00:08]} Be4 {[%emt 0:00:02]} 20. b4 {[%emt 0:00:04]} Rfe8 {[%emt 0:00:29]} 21. Rb1 {[%emt 0:00:07]} cxb4 {[%emt 0:00:01]} 22. Bxb4 {[%emt 0:00:02]} Rc8 {[%emt 0:00:01]} 23. Rc1 {[%emt 0:00:02]} Rc6 {[%emt 0:00:01]} 24. c5 {[%emt 0:00:20]} Rec8 {[%emt 0:00:02]} 25. Rb2 {[%emt 0:00:03]} h6 {[%emt 0:00:07]} 26. Rd1 {[%emt 0:00:04]} bxc5 {[%emt 0:00:02]} 27. Bc3 {[%emt 0:00:02]} Rb6 {[%emt 0:00:04]} 28. gxh6 {[%emt 0:00:03]} g6 {[%emt 0:00:01]} 29. Rxb6 {[%emt 0:00:14]} axb6 {[%emt 0:00:01]} 30. Bd2 {[%emt 0:00:01]} b5 {[%emt 0:00:04]} 31. a3 {[%emt 0:00:03]} Kh7 {[%emt 0:00:03]} 32. Rc1 {[%emt 0:00:01]} Kxh6 {[%emt 0:00:02]} 33. Kf2 {[%emt 0:00:02]} Kh5 {[%emt 0:00:01]} 34. Bb4 {[%emt 0:00:05]} c4 {[%emt 0:00:03]} 35. Bc3 {[%emt 0:00:01]} g5 {[%emt 0:00:05]} 36. fxg5 {[%emt 0:00:02]} Kxg5 {[%emt 0:00:01]} 37. Rg1+ {[%emt 0:00:01]} Kf5 {[%emt 0:00:01]} 38. h4 {[%emt 0:00:04]} f6 {[%emt 0:00:09]} 39. exf6 {[%emt 0:00:01]} e5 {[%emt 0:00:01]} 40. f7 {[%emt 0:00:01]} Rf8 {[%emt 0:00:05]} 41. Rg5+ {[%emt 0:00:01]} Kf6 {[%emt 0:00:01]} 42. Rxe5 {[%emt 0:00:02]} Bg6 {[%emt 0:00:07]} 43. Rxb5+ {[%emt 0:00:08]} Kxf7 {[%emt 0:00:01]} 44. Rc5 {[%emt 0:00:02]} Ke6+ {[%emt 0:00:01]} 45. Ke1 {[%emt 0:00:02]} Rf5 {[%emt 0:00:03]} 46. Rxc4 {[%emt 0:00:02]} Rf3 {[%emt 0:00:02]} 47. Bd4 {[%emt 0:00:05]} Rh3 {[%emt 0:00:02]} 48. Rc6+ {[%emt 0:00:03]} Kf7 {[%emt 0:00:09]} 49. Rf6+ {[%emt 0:00:01]} Ke7 {[%emt 0:00:01]} 50. Rxg6 {[%emt 0:00:01]} Rxh4 {[%emt 0:00:01]} 51. Kd2 {[%emt 0:00:00]} Rh2+ {[%emt 0:00:01]} 52. Kxd3 {[%emt 0:00:00]} Ra2 {[%emt 0:00:00]} 53. Bc5+ {[%emt 0:00:02]} Kf7 {[%emt 0:00:00]} 54. Rb6 {[%emt 0:00:02]} Ra1 {[%emt 0:00:00]} 55. Ke4 {[%emt 0:00:01]} Rb1 {[%emt 0:00:01]} 56. Rxb1 {[%emt 0:00:02]} Ke6 {[%emt 0:00:00]} 57. Rb6+ {[%emt 0:00:01] Ionelluca resigns Ionelluca resigns Ionelluca resigns (Lag: Av=0.45s, max=1.1s) (Lag: Av=0.45s, max=1.1s) (Lag: Av=0.45s, max=1.1s)} 1-0

[Event "Stay Safe Play From Home 381"]
[Site "Emanuel Lasker Arena"]
[Date "2020.08.13"]
[Round "2"]
[White "Fischer_11"]
[Black "SelamiSahin"]
[Result "1-0"]
[WhiteElo "1904"]
[BlackElo "2201"]
[Annotator "NA"]
[PlyCount "155"]
[EventDate "2020.08.13"]
[EventType "swiss (blitz)"]

{- Yarar, Atakan} 1. e4 {[%emt 0:00:02]} c6 {[%emt 0:00:01]} 2. d4 {[%emt 0:00:01]} d5 {[%emt 0:00:00]} 3. exd5 {[%emt 0:00:00]} cxd5 {[%emt 0:00:00]} 4. c4 {[%emt 0:00:00]} Nf6 {[%emt 0:00:01]} 5. Nc3 {[%emt 0:00:01]} Nc6 {[%emt 0:00:01]} 6. Bg5 {[%emt 0:00:03]} e6 {[%emt 0:00:04]} 7. c5 {[%emt 0:00:01]} Be7 {[%emt 0:00:01]} 8. Nf3 {[%emt 0:00:01]} h6 {[%emt 0:00:01]} 9. Bh4 {[%emt 0:00:01]} b6 {[%emt 0:00:03]} 10. Bb5 {[%emt 0:00:02]} Bd7 {[%emt 0:00:01]} 11. Bxc6 {[%emt 0:00:02]} Bxc6 {[%emt 0:00:01]} 12. b4 {[%emt 0:00:00]} bxc5 {[%emt 0:00:08]} 13. dxc5 {[%emt 0:00:02]} O-O {[%emt 0:00:14]} 14. O-O {[%emt 0:00:02]} a6 {[%emt 0:00:01]} 15. a4 {[%emt 0:00:02]} Rb8 {[%emt 0:00:02]} 16. Rb1 {[%emt 0:00:02]} Qd7 {[%emt 0:00:02]} 17. Ne5 {[%emt 0:00:07]} Qe8 {[%emt 0:00:01]} 18. Nxc6 {[%emt 0:00:13]} Qxc6 {[%emt 0:00:00]} 19. Bg3 {[%emt 0:00:06]} Rb7 {[%emt 0:00:01]} 20. Qd3 {[%emt 0:00:03]} Rd8 {[%emt 0:00:01]} 21. Rfc1 {[%emt 0:00:04]} d4 {[%emt 0:00:01]} 22. Ne2 {[%emt 0:00:10]} Qxa4 {[%emt 0:00:03]} 23. c6 {[%emt 0:00:18]} Rxb4 {[%emt 0:00:01]} 24. Rxb4 {[%emt 0:00:02]} Qxb4 {[%emt 0:00:00]} 25. Qxa6 {[%emt 0:00:02] Fischer_11 bietet Remis Fischer_11 bietet Remis Fischer_11 bietet Remis} d3 {[%emt 0:00:34]} 26. c7 {[%emt 0:00:03]} dxe2 {[%emt 0:00:18]} 27. cxd8=Q+ {[%emt 0:00:02]} Bxd8 {[%emt 0:00:01]} 28. f3 {[%emt 0:00:11]} Bb6+ {[%emt 0:00:12]} 29. Kh1 {[%emt 0:00:07]} Qd2 {[%emt 0:00:10]} 30. Qc8+ {[%emt 0:00:09]} Kh7 {[%emt 0:00:03]} 31. Qc2+ {[%emt 0:00:02]} Qxc2 {[%emt 0:00:02]} 32. Rxc2 {[%emt 0:00:00]} Nh5 {[%emt 0:00:09]} 33. Rxe2 {[%emt 0:00:02]} Nxg3+ {[%emt 0:00:01]} 34. hxg3 {[%emt 0:00:00]} Bd4 {[%emt 0:00:01]} 35. Re4 {[%emt 0:00:03]} e5 {[%emt 0:00:02]} 36. g4 {[%emt 0:00:03]} g5 {[%emt 0:00:05]} 37. Re2 {[%emt 0:00:02]} Kg6 {[%emt 0:00:01]} 38. Ra2 {[%emt 0:00:02]} f6 {[%emt 0:00:01]} 39. Ra6 {[%emt 0:00:04]} Bf2 {[%emt 0:00:02]} 40. Ra2 {[%emt 0:00:07]} Be3 {[%emt 0:00:01]} 41. Ra6 {[%emt 0:00:02]} Bd4 {[%emt 0:00:01]} 42. g3 {[%emt 0:00:03]} Bf2 {[%emt 0:00:05]} 43. Kg2 {[%emt 0:00:02]} Be1 {[%emt 0:00:01]} 44. Re6 {[%emt 0:00:07]} Bd2 {[%emt 0:00:02]} 45. Re8 {[%emt 0:00:02]} Bc1 {[%emt 0:00:01]} 46. Kf2 {[%emt 0:00:01]} Bd2 {[%emt 0:00:01]} 47. Ke2 {[%emt 0:00:01]} Bc1 {[%emt 0:00:00]} 48. Rc8 {[%emt 0:00:01]} Ba3 {[%emt 0:00:01]} 49. Kd3 {[%emt 0:00:01]} Bc1 {[%emt 0:00:02]} 50. Ke4 {[%emt 0:00:01]} Ba3 {[%emt 0:00:02]} 51. Rg8+ {[%emt 0:00:01]} Kf7 {[%emt 0:00:01]} 52. Ra8 {[%emt 0:00:01]} Kg6 {[%emt 0:00:00]} 53. Rxa3 {[%emt 0:00:02]} h5 {[%emt 0:00:00]} 54. gxh5+ {[%emt 0:00:01]} Kxh5 {[%emt 0:00:00]} 55. Kf5 {[%emt 0:00:01]} e4 {[%emt 0:00:01]} 56. Ra8 {[%emt 0:00:03]} Kh6 {[%emt 0:00:01]} 57. fxe4 {[%emt 0:00:00]} Kg7 {[%emt 0:00:01]} 58. g4 {[%emt 0:00:00]} Kf7 {[%emt 0:00:00]} 59. Ra7+ {[%emt 0:00:00]} Ke8 {[%emt 0:00:01]} 60. Rh7 {[%emt 0:00:00]} Kd8 {[%emt 0:00:00]} 61. Rh6 {[%emt 0:00:00]} Ke8 {[%emt 0:00:01]} 62. Rxf6 {[%emt 0:00:00]} Ke7 {[%emt 0:00:00]} 63. Kxg5 {[%emt 0:00:00]} Kd7 {[%emt 0:00:01]} 64. Kf5 {[%emt 0:00:00]} Ke7 {[%emt 0:00:00]} 65. g5 {[%emt 0:00:00]} Kd7 {[%emt 0:00:00]} 66. e5 {[%emt 0:00:00]} Ke7 {[%emt 0:00:00]} 67. e6 {[%emt 0:00:00]} Kd6 {[%emt 0:00:01]} 68. Rf7 {[%emt 0:00:00]} Kd5 {[%emt 0:00:01]} 69. g6 {[%emt 0:00:00]} Kd6 {[%emt 0:00:00]} 70. g7 {[%emt 0:00:00]} Kc6 {[%emt 0:00:00]} 71. g8=Q {[%emt 0:00:00]} Kd6 {[%emt 0:00:00]} 72. Qg6 {[%emt 0:00:00]} Kc5 {[%emt 0:00:00]} 73. e7 {[%emt 0:00:00]} Kd5 {[%emt 0:00:00]} 74. Qf6 {[%emt 0:00:00]} Kc5 {[%emt 0:00:01]} 75. Kg6 {[%emt 0:00:00]} Kc4 {[%emt 0:00:00]} 76. Rg7 {[%emt 0:00:00]} Kd3 {[%emt 0:00:00]} 77. Rh7 {[%emt 0:00:00]} Kc4 {[%emt 0:00:00]} 78. Rh5 {[%emt 0:00:00] Zaman Zaman Zaman (Lag: Av=0.43s, max=1.1s) (Lag: Av=0.43s, max=1.1s) (Lag: Av=0.43s, max=1.1s)} 1-0